| 000 | 00525nam a22001937a 4500 | ||
|---|---|---|---|
| 003 | NUST - PNEC | ||
| 005 | 20170116180818.0 | ||
| 008 | 150609b xxu||||| |||| 00| 0 eng d | ||
| 020 | _a007Y855773 | ||
| 040 | _cLIBRARY | ||
| 082 | _a510 PIP | ||
| 100 |
_93795 _aPipes, Louis A. |
||
| 245 |
_aApplied mathematics for engineers and physicists _cLouis A. Pipes |
||
| 250 | _a3rd ed | ||
| 260 |
_aNew Delhi _bMcGraw-Hill Book Company _cc1971. |
||
| 300 | _a1015 p. : | ||
| 650 |
_93797 _aMathematics _xMS |
||
| 942 |
_2ddc _cBK |
||
| 999 |
_c63588 _d63588 |
||